000 01046nam a2200253Ia 4500
003 OSt
005 20221005113258.0
006 a|||||r|||| 00| 0
007 ta
008 221004b |||||||| |||| 00| 0 pan d
020 _a8173809305 (hbk)
_c230
024 _a106511
037 _b511, 02/02/2011, H.K. Prakashan
_cTextual
040 _aCRL
_cCRL
_bpan
041 _2pan
_apan
082 _aO153:gM, P5
100 _aਸਤਿੰਦਰ ਕੌਰ
245 0 _aਸਿੰਘ ਸਭਾ ਲਹਿਰ ਦੇ ਪ੍ਰਭਾਵ ਅਧੀਨ ਪ੍ਰਕਾfਤ ਪੰਜਾਬੀ ਵਿਚ ਸੰਮਿਲਤ ਪੰਜਾਬੀ ਸਾਹਿਤ
_b ਸਰਵੇਖਣ ਅਤੇ ਮੁਲਾਂਕਣ
260 _aਪਟਿਆਲਾ
_bਪੰਜਾਬੀ ਯੂਨੀਵਰਸਿਟੀ ਭਾਰਤ
_c2005
300 _a268ਪੰ
_ccm.
650 _aਭੱਜ਼ਾਂਸ਼. ਸਾਂFੲਛ
942 _hO153:gM, P5
_cTEXL
_2cc
999 _c1027630
_d1027630